Sonatas : memorias del Marqués de Bradomín /

Guardat en:
Dades bibliogràfiques
Autor principal: Del Valle Inclan, Ramón
Format: Desconegut
Idioma:Spanish
Publicat: México : Populibros La Prensa, 1959.
Matèries:
Etiquetes: Afegir etiqueta
Sense etiquetes, Sigues el primer a etiquetar aquest registre!

MARC

LEADER 000000000a22000000004500
001 003650
041 0 |a spa 
082 0 4 |a 863.6   |b V191s 
100 1 |a Del Valle Inclan, Ramón 
245 1 0 |a Sonatas :   |b memorias del Marqués de Bradomín /   |c Ramón Del Valle Inclan. 
260 1 |a México :   |b Populibros La Prensa,   |c 1959. 
300 |a 317 páginas ;   |c 18 cm. 
650 4 |a LITERATURA ESPAÑOLA 
650 4 |a NOVELA 
999 |c 10123  |d 10123 
942 |c BK  |h 863.6 V191s  |2 z